La responsabilidad de los titulares de establecimientos educativos (Registro nro. 31701)

Detalles MARC
000 -LEADER
fixed length control field 00357 a2200109 4500
001 - CONTROL NUMBER
control field ART_43827
005 - DATE AND TIME OF LATEST TRANSACTION
control field 20260410162006.0
008 - FIXED-LENGTH DATA ELEMENTS--GENERAL INFORMATION
fixed length control field 260409a
100 1# - MAIN ENTRY--PERSONAL NAME
Personal name Parellada, Carlos A.
245 10 - TITLE STATEMENT
Title La responsabilidad de los titulares de establecimientos educativos
773 0# - HOST ITEM ENTRY
Title Temas de derecho civil
Related parts - Año 3, Nº 9 (sep. 2017)
Record control number REV34778

No hay ítems disponibles.